00474nam a2200169Ia 4500008004100000041001200041082001900053100002700072245004900099365000700148520001300155546001200168630004900180650001300229655001300242730004900255101110s9999 xx 000 0 und d aENGLISH bSR12360a657.2 aKishnadwala and Shetty aFinancial Accounting (T.Y.B.Com.) - 3rd Ed. b40 aCommerce aENGLISH aFinancial Accounting (T.Y.B.Com.) - 3rd Ed. aCommerce aCommerce aFinancial Accounting (T.Y.B.Com.) - 3rd Ed.